00321nam a2200145Ia 4500008004000000041000800040082001200048100001100060245002000071260004100091650001100132650000700143650001000150700001500160210210b1959 xxu||||| |||| 00| 0 eng d aeng a954/269 aMUNSHI aAkbar I: Shelat aBombaybBharatiya Vidyabhavanac1959 aShelat aI: aAkbar aDIWAKAR Ed